Stati per confine terrestre - Africa - Statistics

Statistiche generali
  • Questo quiz è stato fatto 14 volte
  • Il punteggio medio è 9 su 10
Statistiche sulle risposte
Confini totali (km) Nazione % Corretto
5 697 Niger
100%
5 504 Repubblica del Congo
100%
10 730 Repubblica Democratica del Congo
100%
5 968 Ciad
91%
7 243 Mali
91%
5 667 Zambia
91%
6 764 Sudan
82%
5 328 Etiopia
73%
5 213 Repubblica Centrafricana
73%
6 470 Algeria
64%
Nessun quiz corrispondente trovato
Distribuzione punteggi
Percentuale di utenti per punteggio
Percentile per numero di risposta
I tuoi punteggi nel tempo
Non hai fatto questo quiz